000 00677nam a2200229 4500
003 OSt
005 20240611060422.0
006 a
008 240611b |||||||| |||| 00| 0 eng d
020 _a9731133439943
040 _aDWCL-Main lib.
_cOC
082 _aCirc. 005.133 M251d 2012
100 _aNair, S.
245 _aData structures in Java /
260 _aSingapore :
_bCengage Learning Asia,
_cc2012.
300 _axvii,
_b641 p. : col. ill. ;
_c23 cm.
504 _aIncludes bibliographical references.
650 _a1. Java (Computer program language).
650 _a2. Data structures (Computer science).
700 _aS. Nair
942 _2ddc
_n0
_cBK-CIRC
_kCirc.
999 _c535
_d535